Les 10 villes du Royaume-Uni les plus peuplées commençant par W - Statistiques

Statistiques générales
  • Ce quiz a été pris 9 fois
  • Le résultat moyen est 4 sur 10
Statistiques - réponses
# Ville Population % Correct
3 Wigan 175.405
78%
1 Wolverhampton 252.791
67%
6 West Bromwich 135.618
56%
4 Walsall 172.141
33%
8 Watford 125.707
33%
7 Wycombe 133.204
33%
5 Warrington 165.456
22%
2 Westminster 247.614
22%
10 Worcester 99.110
22%
9 Woking 101.659
11%
Aucun quiz correspondant
Distribution des résultats
% des personnes avec chaque résultat
Percentile par nombre de réponses
Votre historique - résultats
Vous n’avez pas pris ce quiz